[Event "UKR-chT"]
[Site "Chornomorsk"]
[Date "2019.05.21"]
[Round "2.1"]
[White "Tarasenko, Vladislav"]
[Black "Osmak, Iulija"]
[Result "0-1"]
[WhiteElo "2027"]
[BlackElo "2387"]
[PlyCount "62"]
[EventDate "2019.05.20"]
[EventType "team-tourn"]
[EventRounds "9"]
[EventCountry "UKR"]
[SourceTitle "CBM 190 Extra"]
[Source "ChessBase"]
[SourceDate "2019.07.15"]
[SourceVersion "1"]
[SourceVersionDate "2019.07.15"]
[SourceQuality "1"]
[WhiteTeam "Odesa Shaman"]
[BlackTeam "Kiev Dnipro"]
[WhiteTeamCountry "UKR"]
[BlackTeamCountry "UKR"]

1. e4 e6 2. d4 d5 3. Nd2 Be7 4. Bd3 c5 5. dxc5 Nf6 6. Ngf3 dxe4 7. Nxe4 Nxe4 8. Bxe4 Qxd1+ 9. Kxd1 Bxc5 10. Ke2 Nd7 11. Rd1 Nf6 12. Bg5 Bd7 13. Bxf6 gxf6 14. Nd4 0-0-0 15. a4 Kb8 16. Nb3 Be7 17. Na5 Bc8 18. c3 h5 19. b4 f5 20. Bf3 h4 21. Rab1 Kc7 22. Nc4 Bf6 23. b5 Rxd1 24. Rxd1 Bxc3 25. Rc1 Bb4 26. Ne5+ Kb8 27. Nxf7 Rh7 28. Ne5 Bd6 29. Nc4 Bxh2 30. b6 Bf4 31. Rb1 a6 0-1

[Event "UKR-ch U12"]
[Site "Bucha"]
[Date "2016.05.27"]
[Round "11"]
[White "Tarasenko, Vladislav"]
[Black "Larkin, Vladislav"]
[Result "1/2-1/2"]
[WhiteElo "1838"]
[BlackElo "1915"]
[PlyCount "62"]
[EventDate "2016.05.18"]
[EventType "tourn"]
[EventRounds "11"]
[EventCountry "UKR"]
[SourceTitle "CBM 172 Extra"]
[Source "ChessBase"]
[SourceDate "2016.06.21"]
[SourceVersion "1"]
[SourceVersionDate "2016.06.21"]
[SourceQuality "1"]

1. e4 e5 2. Nf3 Nf6 3. Nxe5 d6 4. Nf3 Nxe4 5. Qe2 Qe7 6. d3 Nf6 7. Bg5 Nbd7 8. Nc3 Qxe2+ 9. Bxe2 c6 10. 0-0-0 Be7 11. Rde1 0-0 12. Bd1 Bd8 13. Bf4 Bc7 14. Ne4 Nxe4 15. dxe4 Ne5 16. Nxe5 dxe5 17. Be3 Be6 18. c3 Rfd8 19. Bc2 Bb6 20. Bxb6 axb6 21. Bb3 Bxb3 22. axb3 Kf8 23. Kc2 Ke7 24. Rd1 Ke6 25. Rhe1 Kf6 26. Rxd8 Rxd8 27. Re3 Ke6 28. Rh3 h6 29. Rg3 Kf6 30. Rf3+ Ke6 31. Rg3 Kf6 1/2-1/2

[Event "UKR-ch U12"]
[Site "Bucha"]
[Date "2016.05.26"]
[Round "10"]
[White "Bilych, Olexiy"]
[Black "Tarasenko, Vladislav"]
[Result "1/2-1/2"]
[WhiteElo "1886"]
[BlackElo "1838"]
[PlyCount "111"]
[EventDate "2016.05.18"]
[EventType "tourn"]
[EventRounds "11"]
[EventCountry "UKR"]
[SourceTitle "CBM 172 Extra"]
[Source "ChessBase"]
[SourceDate "2016.06.21"]
[SourceVersion "1"]
[SourceVersionDate "2016.06.21"]
[SourceQuality "1"]

1. e4 e5 2. Nf3 Nc6 3. Bb5 a6 4. Ba4 Nf6 5. 0-0 Be7 6. Re1 b5 7. Bb3 d6 8. c3 0-0 9. d4 Bg4 10. d5 Na5 11. Bc2 c6 12. h3 Bh5 13. dxc6 Qc7 14. Nbd2 Qxc6 15. Nf1 h6 16. Ng3 Bg6 17. Nh4 Bh7 18. Nhf5 Qd7 19. Nh5 Nxh5 20. Qxh5 Bg6 21. Qg4 Rfd8 22. Be3 Nc4 23. b3 Bxf5 24. exf5 Nxe3 25. Rxe3 Bf6 26. Rd1 d5 27. Qf3 d4 28. Be4 Rac8 29. Red3 Rc7 30. g4 Qe7 31. Kg2 Rdc8 32. Rc1 Qa3 33. Rc2 Qa5 34. Bb7 Rxc3 35. Rcd2 Rxd3 36. Qxd3 Rc3 37. Qe2 Rc7 38. Be4 Qb6 39. Rc2 Rc5 40. b4 Rc7 41. a3 Kf8 42. Bd5 Qd6 43. Be4 Ke7 44. Qd3 Bh4 45. Qb3 Rxc2 46. Qxc2 Qb6 47. Kf1 Qd6 48. Ke2 Kd7 49. Kd3 Qc7 50. Qxc7+ Kxc7 51. f3 Bg5 52. Kc2 Kb6 53. Bd5 f6 54. Be4 Kc7 55. Bd5 Kb6 56. Be4 1/2-1/2

[Event "UKR-ch U12"]
[Site "Bucha"]
[Date "2016.05.23"]
[Round "7"]
[White "Tarasenko, Vladislav"]
[Black "Mitusov, Semen"]
[Result "0-1"]
[WhiteElo "1838"]
[BlackElo "1608"]
[PlyCount "106"]
[EventDate "2016.05.18"]
[EventType "tourn"]
[EventRounds "11"]
[EventCountry "UKR"]
[SourceTitle "CBM 172 Extra"]
[Source "ChessBase"]
[SourceDate "2016.06.21"]
[SourceVersion "1"]
[SourceVersionDate "2016.06.21"]
[SourceQuality "1"]

1. e4 e5 2. Nf3 Nc6 3. Bc4 Bc5 4. 0-0 Nf6 5. d3 d6 6. c3 Qe7 7. Nbd2 h6 8. Re1 Bg4 9. Nf1 Bb6 10. Ng3 Nh5 11. Be3 Nf4 12. h3 Bd7 13. d4 g5 14. dxe5 dxe5 15. Bxb6 axb6 16. Nf5 Qf6 17. Qc2 0-0-0 18. a4 h5 19. a5 bxa5 20. Bb5 g4 21. Bxc6 Bxc6 22. hxg4 hxg4 23. Nh2 Nxg2 24. Rec1 a4 25. Rxa4 Bxa4 26. Qxa4 Nf4 27. Qa8+ Kd7 28. Rd1+ Kc6 29. Qa4+ Kb6 30. Ra1 Ra8 31. Qb4+ Kc6 32. Qc4+ Kd7 33. Rd1+ Kc8 34. Nd6+ Kb8 35. Nf5 g3 36. fxg3 Qb6+ 37. Kf1 Rxh2 38. Rd8+ Ka7 39. Qa4+ Qa6+ 40. Qxa6+ bxa6 41. Rxa8+ Kxa8 42. gxf4 exf4 43. b3 Rh3 44. b4 Rxc3 45. Ke2 Rc4 46. Kf3 Rxb4 47. Kxf4 a5 48. Nh6 a4 49. Nxf7 a3 50. Ne5 a2 51. Nc6 Rb6 52. Nd4 a1Q 53. Nf5 Rf6 0-1